[Event "EU-ch U10"]
[Site "Prague"]
[Date "2024.08.26"]
[Round "5"]
[White "Mammadov, Jamal"]
[Black "Lishoy Gengis Paratazham, Dildarav"]
[Result "0-1"]
[WhiteElo "1614"]
[BlackElo "1962"]
[PlyCount "94"]
[EventDate "2024.08.22"]
[EventType "swiss"]
[EventRounds "9"]
[EventCountry "CZE"]
[SourceTitle "CBM 221 Extra"]
[Source "ChessBase"]
[SourceDate "2024.09.30"]
[SourceVersion "1"]
[SourceVersionDate "2024.09.30"]
[SourceQuality "1"]

1. e4 d6 2. d4 Nf6 3. Nc3 e5 4. Nf3 Nbd7 5. Rg1 g6 6. g4 h6 7. Be3 c6 8. h3 Qc7 9. Qd2 Nb6 10. Bd3 Bd7 11. a4 Be6 12. d5 Bd7 13. a5 Nc8 14. Bc4 c5 15. Qd3 a6 16. Ke2 Bg7 17. Rgb1 h5 18. g5 Nh7 19. Ng1 0-0 20. b4 cxb4 21. Rxb4 Ne7 22. Rab1 Rfb8 23. Qd2 f5 24. gxf6 Nxf6 25. Qc1 Rf8 26. Bd3 Qc8 27. Rc4 Qd8 28. Rxb7 Rc8 29. Bb6 Qe8 30. Rxc8 Bxc8 31. Ra7 Kh7 32. Qa3 Qf7 33. Qxd6 Bd7 34. Nf3 Bh6 35. Nxe5 Qg7 36. Nxd7 Nxd7 37. Qxd7 Rf7 38. d6 Qxc3 39. dxe7 Qd2+ 40. Kf1 Qc1+ 41. Kg2 Qg5+ 42. Kh2 Qf4+ 43. Kh1 Qc1+ 44. Kg2 Qg5+ 45. Qg4 hxg4 46. h4 Qe5 47. Bd4 Qxd4 0-1

[Event "Wch U08"]
[Site "Batumi"]
[Date "2022.09.27"]
[Round "11"]
[White "Sagyndyk, Sanzhar"]
[Black "Mammadov, Jamal"]
[Result "0-1"]
[WhiteElo "1203"]
[BlackElo "1096"]
[PlyCount "36"]
[EventDate "2022.09.16"]
[EventType "swiss"]
[EventRounds "11"]
[EventCountry "GEO"]
[SourceTitle "EXT 2023"]
[Source "ChessBase"]
[SourceDate "2022.10.05"]
[SourceVersion "1"]
[SourceVersionDate "2022.10.05"]
[SourceQuality "1"]

1. d4 d5 2. c4 e6 3. Nc3 Nf6 4. Nf3 Be7 5. Bf4 0-0 6. e3 a6 7. cxd5 exd5 8. Bd3 Re8 9. h3 Nbd7 10. 0-0 Nf8 11. Rc1 c6 12. Na4 Ng6 13. Bh2 Bd6 14. Bxd6 Qxd6 15. Nc3 Nf8 16. Ne5 N8d7 17. Nxd7 Nxd7 18. Qc2 h6 0-1